| 000 | 02091njm a2200361Ia 4500 | ||
|---|---|---|---|
| 001 | 23823 | ||
| 003 | IT-RoPAU | ||
| 005 | 20220918181157.0 | ||
| 008 | 131025s9999 xx 000 0 und d | ||
| 040 | _aIT-RoPAU | ||
| 040 | _cIT-RoPAU | ||
| 999 |
_c102701 _d102701 |
||
| 999 | _bn.d. | ||
| 100 |
_aAA.VV _9794 |
||
| 100 |
_eAutore musica _96301 |
||
| 100 |
_gCodice autore musica SPICS: 12000 _9796 |
||
| 245 | _aSaqueboute trombone e organo nell'Italia del sei e settecento (Lp Arn 416) | ||
| 250 | _a1a ed. | ||
| 260 | _aVARESE | ||
| 260 |
_bARION - DUCALE _c1975 [1a Ed.:1975] |
||
| 300 | _aDISCO | ||
| 300 | _c42 minuti (Testo: pag.) | ||
| 500 | _aMusica classica. Sei-settecento: saqueboute, trombone, organo | ||
| 505 | _aSonata in la minore: trombone tenore e basso (7:00) - Sonata in do maggiore op. XIII N.2: trombone contralto organo (6:00) - Sonata in re minore op.V N.8: trombone tenore e organo (8:00) - Tre canzoni: canzon per sonar in re/in sol/in do (13:00) - Quinto & quarto concerto (5:00) - Concerto ecclesiastico per Saqueboute e organo di Mathieu (4:00) | ||
| 511 | _aJean Pierre Mathieu: trombne e saqueboute, Georges Devaliee: organo | ||
| 650 |
_aCLASSICA [DISCHI] _eCodice MATERIA SPICS: 9950 _91157 |
||
| 700 |
_aMarcello Benedetto _dCodice autore musica SPICS: 8256 _eAutore musica _pSonata in la minore: trombone tenore e basso _96302 |
||
| 700 |
_aVivaldi Antonio _dCodice autore musica SPICS: 11195 _eAutore musica _pSonata in do maggiore op. XIII N.2: trombone contralto organo _96303 |
||
| 700 |
_aCorelli Arcangelo _dCodice autore musica SPICS: 7993 _eAutore musica _pSonata in re minore op.V N.8: trombone tenore e organo _96304 |
||
| 700 |
_aFrescobaldi Girolamo _dCodice autore musica SPICS: 12254 _eAutore musica _pTre canzoni: canzon per sonar in re/in sol/in do _96305 |
||
| 700 |
_aPuliti Fra Gabriello _dCodice autore musica SPICS: 13876 _eAutore musica _pQuinto & quarto concerto _96306 |
||
| 700 |
_aAla Da Monza Giovanni Battista _dCodice autore musica SPICS: 13877 _eAutore musica _pConcerto ecclesiastico per Saqueboute e organo di Mathieu _96307 |
||
| 942 |
_cMD _2ddc |
||